Prílev zahraničného kapitálu ako súčasť transformácie ekonomiky Slovenskej republiky (na príklade Európskej banky pre obnovu a rozvoj) dizertačná práca
Na minha lista:
| Autor principal: | |
|---|---|
| Autor Corporativo: | |
| Outros Autores: | |
| Formato: | Livro |
| Idioma: | eslovaco |
| Publicado em: |
Bratislava
1996
|
| Assuntos: | |
| Tags: |
Sem tags, seja o primeiro a adicionar uma tag!
|
MARC
| LEADER | 00000nam a2200000 4500 | ||
|---|---|---|---|
| 001 | 0198596 | ||
| 005 | 20240104091700.7 | ||
| 041 | 0 | |a slo | |
| 044 | |a SK | ||
| 245 | 1 | 0 | |a Prílev zahraničného kapitálu ako súčasť transformácie ekonomiky Slovenskej republiky (na príklade Európskej banky pre obnovu a rozvoj) |b dizertačná práca |c Peter Dittrich ; školiteľ: Peter Baláž |
| 264 | 1 | |a Bratislava |c 1996 | |
| 300 | |a 129 s. | ||
| 610 | 2 | 0 | |a Slovensko |
| 610 | 2 | 0 | |a kapitál zahraničný |
| 610 | 2 | 0 | |a transformácia |
| 610 | 2 | 0 | |a Európska centrálna banka |
| 100 | 1 | |a Dittrich, Peter | |
| 700 | 1 | |a Baláž, Peter | |
| 710 | 2 | |a Obchodná fakulta EU. Katedra medzinárodného obchodu | |